Statistics for Countries by Borders or World Capitals Proximity in 90 seconds

Click here to take the quiz!

General Stats

  • This quiz has been taken 16,422 times
  • The average score is 132 of 196

Answer Stats

#B&P #B only #P only B&P Borders only Proximity only Country % Correct
746Andorra,
Belgium,
Germany,
Luxembourg,
Monaco,
Netherlands,
Switzerland
Brazil,
Italy,
Spain,
Suriname
Czech Republic,
Ireland,
Liechtenstein,
San Marino,
Slovenia,
UK
France
99%
912Austria,
Belgium,
Czech Republic,
Denmark,
France,
Luxembourg,
Netherlands,
Poland,
Switzerland
Belarus,
Croatia,
Hungary,
Latvia,
Liechtenstein,
Lithuania,
Norway,
San Marino,
Slovakia,
Slovenia,
Sweden,
UK
Germany
96%
11CanadaMexicoUnited States
96%
59Latvia,
Lithuania,
Poland,
Russia,
Ukraine
Czech Republic,
Denmark,
Estonia,
Finland,
Germany,
Hungary,
Moldova,
Slovakia,
Sweden
Belarus
95%
68Belarus,
Estonia,
Finland,
Latvia,
Lithuania,
Ukraine
Azerbaijan,
China,
Georgia,
Kazakhstan,
Mongolia,
North Korea,
Norway,
Poland
Russia
95%
411Belarus,
Latvia,
Poland,
Russia
Austria,
Czech Republic,
Denmark,
Estonia,
Finland,
Germany,
Hungary,
Moldova,
Slovakia,
Sweden,
Ukraine
Lithuania
94%
6113Belarus,
Czech Republic,
Germany,
Lithuania,
Slovakia,
Ukraine
RussiaAustria,
Bosnia,
Croatia,
Denmark,
Estonia,
Finland,
Hungary,
Latvia,
Moldova,
Romania,
Serbia,
Slovenia,
Sweden
Poland
94%
514Austria,
France,
Germany,
Italy,
Liechtenstein
Andorra,
Belgium,
Bosnia,
Croatia,
Czech Republic,
Hungary,
Luxembourg,
Monaco,
Netherlands,
San Marino,
Slovakia,
Slovenia,
UK,
Vatican
Switzerland
94%
36Norway,
Russia,
Sweden
Belarus,
Denmark,
Estonia,
Latvia,
Lithuania,
Poland
Finland
94%
3Belize,
Guatemala,
United States
Mexico
94%
23Ecuador,
Panama
Brazil,
Peru,
Venezuela
Colombia
93%
1United StatesCanada
93%
1131North KoreaAfghanistan,
Bhutan,
Myanmar,
India,
Kazakhstan,
Kyrgyzstan,
Laos,
Mongolia,
Nepal,
Pakistan,
Russia,
Tajikistan,
Vietnam
South KoreaChina
93%
613Belarus,
Hungary,
Moldova,
Poland,
Romania,
Russia
SlovakiaLatvia,
Lithuania,
Serbia
Ukraine
93%
245Morocco,
Tunisia
Libya,
Mali,
Mauritania,
Niger
Andorra,
Italy,
Monaco,
Spain,
Vatican
Algeria
93%
48Belarus,
Estonia,
Lithuania,
Russia
Czech Republic,
Denmark,
Finland,
Germany,
Norway,
Poland,
Sweden,
Ukraine
Latvia
92%
10Argentina,
Bolivia,
Colombia,
France,
Guyana,
Paraguay,
Peru,
Suriname,
Uruguay,
Venezuela
Brazil
92%
39Brazil,
Colombia,
Guyana
Antigua,
Barbados,
Dominica,
Dominican Republic,
Grenada,
St Kitts,
Saint Lucia,
St Vincent,
Trinidad
Venezuela
92%
5Bolivia,
Brazil,
Chile,
Colombia,
Ecuador
Peru
92%
123GuyanaBrazil,
France
Barbados,
Grenada,
Trinidad
Suriname
92%
222Afghanistan,
India
China,
Iran
Tajikistan,
Uzbekistan
Pakistan
92%
118IrelandSpainBelgium,
Denmark,
France,
Germany,
Liechtenstein,
Luxembourg,
Netherlands,
Switzerland
United Kingdom
92%
14UruguayBolivia,
Brazil,
Chile,
Paraguay
Argentina
92%
215Finland,
Sweden
RussiaDenmark,
Estonia,
Germany,
Latvia,
Netherlands
Norway
92%
21China,
South Korea
RussiaNorth Korea
92%
5Argentina,
Brazil,
Chile,
Paraguay,
Peru
Bolivia
92%
25Nepal,
Pakistan
Bangladesh,
Bhutan,
Myanmar,
China,
Sri Lanka
India
92%
11ArgentinaBrazilUruguay
91%
317Belgium,
France,
Germany
Andorra,
Austria,
Croatia,
Czech Republic,
Denmark,
Hungary,
Ireland,
Italy,
Liechtenstein,
Monaco,
Netherlands,
San Marino,
Slovakia,
Slovenia,
Switzerland,
UK,
Vatican
Luxembourg
91%
322Andorra,
Morocco,
Portugal
France,
UK
Algeria,
Monaco
Spain
91%
112IndiaChinaBangladesh,
Bhutan
Nepal
91%
3Argentina,
Bolivia,
Brazil
Paraguay
90%
125SurinameBrazil,
Venezuela
Barbados,
Grenada,
Saint Lucia,
St Vincent,
Trinidad
Guyana
90%
27Latvia,
Russia
Belarus,
Denmark,
Finland,
Lithuania,
Norway,
Poland,
Sweden
Estonia
89%
312Belgium,
France,
Germany
Austria,
Czech Republic,
Denmark,
Ireland,
Liechtenstein,
Luxembourg,
Monaco,
Norway,
Slovakia,
Slovenia,
Switzerland,
UK
Netherlands
89%
116GermanyAustria,
Belarus,
Belgium,
Czech Republic,
Estonia,
Finland,
Latvia,
Liechtenstein,
Lithuania,
Luxembourg,
Netherlands,
Norway,
Poland,
Slovakia,
Sweden,
UK
Denmark
89%
819Czech Republic,
Germany,
Hungary,
Italy,
Liechtenstein,
Slovakia,
Slovenia,
Switzerland
Albania,
Belgium,
Bosnia,
Bulgaria,
Croatia,
Denmark,
Kosovo,
Lithuania,
Luxembourg,
Macedonia,
Moldova,
Monaco,
Montenegro,
Netherlands,
Poland,
Romania,
San Marino,
Serbia,
Vatican
Austria
89%
211Algeria,
Spain
MauritaniaPortugalMorocco
88%
412France,
Germany,
Luxembourg,
Netherlands
Andorra,
Austria,
Czech Republic,
Denmark,
Ireland,
Liechtenstein,
Monaco,
San Marino,
Slovakia,
Slovenia,
Switzerland,
UK
Belgium
88%
211France,
Spain
Algeria,
Belgium,
Italy,
Liechtenstein,
Luxembourg,
Monaco,
Portugal,
San Marino,
Switzerland,
Tunisia,
Vatican
Andorra
88%
516Iran,
Jordan,
Kuwait,
Saudi Arabia,
Syria
TurkeyArmenia,
Azerbaijan,
Bahrain,
Georgia,
Israel,
Lebanon
Iraq
88%
5118Austria,
San Marino,
Slovenia,
Switzerland,
Vatican
FranceAlbania,
Algeria,
Andorra,
Bosnia,
Bulgaria,
Croatia,
Czech Republic,
Hungary,
Kosovo,
Liechtenstein,
Luxembourg,
Macedonia,
Malta,
Monaco,
Montenegro,
Serbia,
Slovakia,
Tunisia
Italy
87%
421Austria,
Germany,
Poland,
Slovakia
Belarus,
Belgium,
Bosnia,
Croatia,
Denmark,
France,
Hungary,
Italy,
Kosovo,
Latvia,
Liechtenstein,
Lithuania,
Luxembourg,
Monaco,
Montenegro,
Netherlands,
San Marino,
Serbia,
Slovenia,
Switzerland,
Vatican
Czech Republic
87%
51Botswana,
Lesotho,
Mozambique,
Swaziland,
Zimbabwe
NamibiaSouth Africa
86%
42Botswana,
Mozambique,
South Africa,
Zambia
Malawi,
Swaziland
Zimbabwe
86%
313Namibia,
South Africa,
Zimbabwe
ZambiaLesotho,
Mozambique,
Swaziland
Botswana
86%
421Austria,
Croatia,
Hungary,
Italy
Albania,
Belgium,
Bosnia,
Bulgaria,
Czech Republic,
France,
Germany,
Kosovo,
Liechtenstein,
Luxembourg,
Macedonia,
Monaco,
Montenegro,
Netherlands,
Poland,
Romania,
San Marino,
Serbia,
Slovakia,
Switzerland,
Vatican
Slovenia
86%
513Greece,
Macedonia,
Romania,
Serbia,
Turkey
Albania,
Austria,
Bosnia,
Croatia,
Hungary,
Italy,
Kosovo,
Moldova,
Montenegro,
San Marino,
Slovakia,
Slovenia,
Vatican
Bulgaria
85%
719Austria,
Croatia,
Romania,
Serbia,
Slovakia,
Slovenia,
Ukraine
Albania,
Belarus,
Bosnia,
Bulgaria,
Czech Republic,
Germany,
Italy,
Kosovo,
Liechtenstein,
Lithuania,
Luxembourg,
Macedonia,
Moldova,
Monaco,
Montenegro,
Poland,
San Marino,
Switzerland,
Vatican
Hungary
85%
332South Africa,
Swaziland,
Zimbabwe
Malawi,
Tanzania,
Zambia
Botswana,
Lesotho
Mozambique
85%
32Bangladesh,
Laos,
Thailand
China,
India
Myanmar
85%
431Iraq,
Kuwait,
Qatar,
UAE
Jordan,
Oman,
Yemen
BahrainSaudi Arabia
85%
447Armenia,
Bulgaria,
Greece,
Syria
Azerbaijan,
Georgia,
Iran,
Iraq
Cyprus,
Israel,
Jordan,
Lebanon,
Macedonia,
Moldova,
Romania
Turkey
85%
322Armenia,
Georgia,
Iran
Russia,
Turkey
Iraq,
Turkmenistan
Azerbaijan
84%
332Ethiopia,
Kenya,
Uganda
CAR,
DRC,
Sudan
Burundi,
Rwanda
South Sudan
84%
124ItalyAlbania,
Andorra,
Austria,
Belgium,
Bosnia,
Bulgaria,
Croatia,
Czech Republic,
France,
Germany,
Hungary,
Kosovo,
Liechtenstein,
Luxembourg,
Macedonia,
Malta,
Monaco,
Montenegro,
Serbia,
Slovakia,
Slovenia,
Switzerland,
Tunisia,
Vatican
San Marino
84%
272Angola,
RoC
Burundi,
CAR,
Rwanda,
South Sudan,
Tanzania,
Uganda,
Zambia
Cameroon,
Gabon
D. R. Congo
84%
342Benin,
Burkina Faso,
Nigeria
Algeria,
Chad,
Libya,
Mali
Ghana,
Togo
Niger
83%
62CAR,
Chad,
Equatorial Guinea,
Gabon,
Nigeria,
RoC
DRC,
Sao Tome
Cameroon
83%
25Eritrea,
Ethiopia
CAR,
Chad,
Egypt,
Libya,
South Sudan
Sudan
83%
41Angola,
Cameroon,
DRC,
Gabon
CARRep. of the Congo
83%
27Finland,
Norway
Belarus,
Denmark,
Estonia,
Germany,
Latvia,
Lithuania,
Poland
Sweden
82%
14KyrgyzstanChina,
Russia,
Turkmenistan,
Uzbekistan
Kazakhstan
82%
314Iraq,
Israel,
Syria
Saudi ArabiaCyprus,
Egypt,
Lebanon,
Turkey
Jordan
82%
23Mozambique,
South Africa
Botswana,
Lesotho,
Zimbabwe
Swaziland
82%
24Iraq,
Saudi Arabia
Bahrain,
Iran,
Qatar,
UAE
Kuwait
81%
13South AfricaBotswana,
Mozambique,
Swaziland
Lesotho
81%
151TunisiaAlgeria,
Chad,
Egypt,
Niger,
Sudan
MaltaLibya
81%
4124Austria,
Czech Republic,
Hungary,
Poland
UkraineAlbania,
Belarus,
Belgium,
Bosnia,
Bulgaria,
Croatia,
Denmark,
Germany,
Italy,
Kosovo,
Liechtenstein,
Lithuania,
Luxembourg,
Macedonia,
Moldova,
Monaco,
Montenegro,
Netherlands,
Romania,
San Marino,
Serbia,
Slovenia,
Switzerland,
Vatican
Slovakia
81%
514Albania,
Bulgaria,
Greece,
Kosovo,
Serbia
Austria,
Bosnia,
Croatia,
Hungary,
Italy,
Malta,
Moldova,
Montenegro,
Romania,
San Marino,
Slovakia,
Slovenia,
Turkey,
Vatican
Macedonia
80%
120FranceAlgeria,
Andorra,
Austria,
Belgium,
Bosnia,
Croatia,
Czech Republic,
Hungary,
Italy,
Liechtenstein,
Luxembourg,
Montenegro,
Netherlands,
San Marino,
Slovakia,
Slovenia,
Spain,
Switzerland,
Tunisia,
Vatican
Monaco
80%
32Oman,
Qatar,
Saudi Arabia
Bahrain,
Kuwait
United Arab Emirates
80%
33Cameroon,
CAR,
Nigeria
Libya,
Niger,
Sudan
Chad
80%
124IsraelLibya,
Sudan
Cyprus,
Jordan,
Lebanon,
Syria
Egypt
80%
518Bosnia,
Hungary,
Montenegro,
Serbia,
Slovenia
Albania,
Austria,
Bulgaria,
Czech Republic,
Germany,
Italy,
Kosovo,
Liechtenstein,
Luxembourg,
Macedonia,
Moldova,
Monaco,
Poland,
Romania,
San Marino,
Slovakia,
Switzerland,
Vatican
Croatia
79%
517Albania,
Bosnia,
Croatia,
Kosovo,
Serbia
Austria,
Bulgaria,
Czech Republic,
Greece,
Hungary,
Italy,
Liechtenstein,
Macedonia,
Malta,
Moldova,
Monaco,
Romania,
San Marino,
Slovakia,
Slovenia,
Tunisia,
Vatican
Montenegro
79%
432Armenia,
Azerbaijan,
Iraq,
Turkmenistan
Afghanistan,
Pakistan,
Turkey
Georgia,
Kuwait
Iran
79%
2China,
Russia
Mongolia
79%
312Belize,
El Salvador,
Honduras
MexicoCosta Rica,
Nicaragua
Guatemala
79%
122ItalyAlbania,
Algeria,
Andorra,
Austria,
Bosnia,
Bulgaria,
Croatia,
Czech Republic,
Hungary,
Kosovo,
Liechtenstein,
Luxembourg,
Macedonia,
Malta,
Monaco,
Montenegro,
San Marino,
Serbia,
Slovakia,
Slovenia,
Switzerland,
Tunisia
Vatican City
79%
14UKBelgium,
France,
Luxembourg,
Netherlands
Ireland
79%
41Azerbaijan,
Georgia,
Iran,
Turkey
IraqArmenia
78%
813Bosnia,
Bulgaria,
Croatia,
Hungary,
Kosovo,
Macedonia,
Montenegro,
Romania
Albania,
Austria,
Czech Republic,
Greece,
Italy,
Liechtenstein,
Moldova,
Poland,
San Marino,
Slovakia,
Slovenia,
Ukraine,
Vatican
Serbia
78%
134SenegalAlgeria,
Mali,
Morocco
Cape Verde,
Gambia,
Guinea,
Guinea-Bissau
Mauritania
78%
22DRC,
RoC
Namibia,
Zambia
Angola
78%
53Burundi,
Kenya,
Malawi,
Rwanda,
Uganda
DRC,
Mozambique,
Zambia
Tanzania
78%
23Saudi Arabia,
UAE
Bahrain,
Kuwait,
Oman
Qatar
77%
415Greece,
Kosovo,
Macedonia,
Montenegro
Austria,
Bosnia,
Bulgaria,
Croatia,
Hungary,
Italy,
Malta,
Moldova,
Romania,
San Marino,
Serbia,
Slovakia,
Slovenia,
Tunisia,
Vatican
Albania
77%
411Kenya,
Rwanda,
South Sudan,
Tanzania
DRCBurundiUganda
77%
45Benin,
Cameroon,
Chad,
Niger
Equatorial Guinea,
Gabon,
Ghana,
Sao Tome,
Togo
Nigeria
77%
33Pakistan,
Tajikistan,
Uzbekistan
China,
Iran,
Turkmenistan
Afghanistan
77%
24Cameroon,
Chad
DRC,
RoC,
South Sudan,
Sudan
Central African
Republic
77%
62Cote d'Ivoire,
Guinea-Bissau,
Liberia,
Mali,
Senegal,
Sierra Leone
Gambia,
Mauritania
Guinea
77%
220Austria,
Switzerland
Andorra,
Belgium,
Bosnia,
Croatia,
Czech Republic,
Denmark,
France,
Germany,
Hungary,
Italy,
Luxembourg,
Monaco,
Montenegro,
Netherlands,
San Marino,
Serbia,
Slovakia,
Slovenia,
UK,
Vatican
Liechtenstein
76%
115GuatemalaMexicoCosta Rica,
Cuba,
El Salvador,
Honduras,
Nicaragua
Belize
76%
22China,
India
Bangladesh,
Nepal
Bhutan
76%
3Argentina,
Bolivia,
Peru
Chile
76%
41Myanmar,
Cambodia,
Thailand,
Vietnam
ChinaLaos
76%
12SpainAndorra,
Morocco
Portugal
76%
421Djibouti,
Eritrea,
South Sudan,
Sudan
Kenya,
Somalia
YemenEthiopia
76%
222Armenia,
Azerbaijan
Russia,
Turkey
Iran,
Iraq
Georgia
76%
344Burkina Faso,
Cote d'Ivoire,
Guinea
Algeria,
Mauritania,
Niger,
Senegal
Gambia,
Guinea-Bissau,
Liberia,
Sierra Leone
Mali
76%
320Croatia,
Montenegro,
Serbia
Albania,
Austria,
Bulgaria,
Czech Republic,
Greece,
Hungary,
Italy,
Kosovo,
Liechtenstein,
Macedonia,
Malta,
Moldova,
Monaco,
Poland,
Romania,
San Marino,
Slovakia,
Slovenia,
Switzerland,
Vatican
Bosnia and
Herzegovina
75%
6Benin,
Cote d'Ivoire,
Ghana,
Mali,
Niger,
Togo
Burkina Faso
75%
28Algeria,
Libya
Albania,
Andorra,
Italy,
Malta,
Monaco,
Montenegro,
San Marino,
Vatican
Tunisia
74%
52Iraq,
Israel,
Jordan,
Lebanon,
Turkey
Cyprus,
Egypt
Syria
74%
24Nicaragua,
Panama
Belize,
El Salvador,
Guatemala,
Honduras
Costa Rica
74%
312Burundi,
Tanzania,
Uganda
DRCKenya,
South Sudan
Rwanda
74%
122UAESaudi Arabia,
Yemen
Bahrain,
Qatar
Oman
73%
26Malawi,
Zimbabwe
Angola,
Botswana,
DRC,
Mozambique,
Namibia,
Tanzania
Zambia
73%
512Bulgaria,
Hungary,
Moldova,
Serbia,
Ukraine
Albania,
Austria,
Bosnia,
Croatia,
Greece,
Kosovo,
Macedonia,
Montenegro,
Poland,
Slovakia,
Slovenia,
Turkey
Romania
73%
Australia
73%
412Gambia,
Guinea,
Guinea-Bissau,
Mauritania
MaliCape Verde,
Sierra Leone
Senegal
73%
53Burkina Faso,
Ghana,
Guinea,
Liberia,
Mali
Benin,
Sierra Leone,
Togo
Côte d'Ivoire
73%
31East Timor,
Malaysia,
PNG
SingaporeIndonesia
73%
213Rwanda,
Tanzania
DRCKenya,
South Sudan,
Uganda
Burundi
72%
121LaosCambodia,
China
ThailandVietnam
72%
415Albania,
Macedonia,
Montenegro,
Serbia
Austria,
Bosnia,
Bulgaria,
Croatia,
Czech Republic,
Greece,
Hungary,
Italy,
Malta,
Moldova,
Romania,
San Marino,
Slovakia,
Slovenia,
Vatican
Kosovo
72%
222Iran,
Uzbekistan
Afghanistan,
Kazakhstan
Azerbaijan,
Tajikistan
Turkmenistan
72%
43Egypt,
Jordan,
Lebanon,
Syria
Cyprus,
Iraq,
Turkey
Israel
71%
13BotswanaAngola,
South Africa,
Zambia
Namibia
71%
47Albania,
Bulgaria,
Macedonia,
Turkey
Bosnia,
Cyprus,
Kosovo,
Malta,
Montenegro,
Romania,
Serbia
Greece
71%
23Oman,
Saudi Arabia
Djibouti,
Eritrea,
Ethiopia
Yemen
71%
322South Sudan,
Tanzania,
Uganda
Ethiopia,
Somalia
Burundi,
Rwanda
Kenya
70%
33Cameroon,
Equatorial Guinea,
RoC
DRC,
Nigeria,
Sao Tome
Gabon
70%
44Burkina Faso,
Niger,
Nigeria,
Togo
Cote d'Ivoire,
Equatorial Guinea,
Ghana,
Sao Tome
Benin
69%
21Colombia,
Costa Rica
NicaraguaPanama
68%
312Afghanistan,
Kyrgyzstan,
Uzbekistan
ChinaPakistan,
Turkmenistan
Tajikistan
67%
24Costa Rica,
Honduras
Belize,
El Salvador,
Guatemala,
Panama
Nicaragua
67%
31Kazakhstan,
Tajikistan,
Uzbekistan
ChinaKyrgyzstan
67%
3Bahamas,
Belize,
Jamaica
Cuba
66%
32El Salvador,
Guatemala,
Nicaragua
Belize,
Costa Rica
Honduras
65%
11ColombiaPeruEcuador
64%
32Brunei,
Indonesia,
Thailand
Cambodia,
Singapore
Malaysia
62%
3Djibouti,
Ethiopia,
Kenya
Somalia
61%
34Burkina Faso,
Cote d'Ivoire,
Togo
Benin,
Niger,
Nigeria,
Sao Tome
Ghana
61%
35Benin,
Burkina Faso,
Ghana
Cote d'Ivoire,
Equatorial Guinea,
Niger,
Nigeria,
Sao Tome
Togo
60%
311Myanmar,
Cambodia,
Laos
MalaysiaVietnamThailand
60%
31Djibouti,
Ethiopia,
Sudan
YemenEritrea
60%
23Guatemala,
Honduras
Belize,
Costa Rica,
Nicaragua
El Salvador
59%
11Albania,
Bosnia,
Greece,
Italy,
Kosovo,
Libya,
Macedonia,
Montenegro,
San Marino,
Tunisia,
Vatican
Malta
59%
211Eritrea,
Ethiopia
SomaliaYemenDjibouti
59%
215Romania,
Ukraine
Albania,
Austria,
Belarus,
Bosnia,
Bulgaria,
Croatia,
Hungary,
Kosovo,
Lithuania,
Macedonia,
Montenegro,
Poland,
Serbia,
Slovakia,
Turkey
Moldova
55%
Japan
54%
211Laos,
Thailand
VietnamMalaysiaCambodia
54%
Iceland
54%
25Israel,
Syria
Cyprus,
Egypt,
Iraq,
Jordan,
Turkey
Lebanon
53%
1IndonesiaPapua New Guinea
53%
25Guinea,
Liberia
Cote d'Ivoire,
Gambia,
Guinea-Bissau,
Mali,
Senegal
Sierra Leone
52%
3Cuba,
Haiti,
Jamaica
Bahamas
52%
112MyanmarIndiaBhutan,
Nepal
Bangladesh
51%
26Guinea,
Senegal
Cape Verde,
Gambia,
Liberia,
Mali,
Mauritania,
Sierra Leone
Guinea-Bissau
51%
11IndiaMaldivesSri Lanka
51%
4Bahamas,
Cuba,
Dominican Republic,
Haiti
Jamaica
50%
11North KoreaChinaSouth Korea
48%
32Cote d'Ivoire,
Guinea,
Sierra Leone
Guinea-Bissau,
Mali
Liberia
48%
15HaitiAntigua,
Dominica,
Jamaica,
St Kitts,
Venezuela
Dominican Republic
48%
411Afghanistan,
Kyrgyzstan,
Tajikistan,
Turkmenistan
KazakhstanPakistanUzbekistan
47%
1IndonesiaEast Timor
46%
12Dominican RepublicBahamas,
Jamaica
Haiti
45%
16SenegalCape Verde,
Guinea,
Guinea-Bissau,
Mali,
Mauritania,
Sierra Leone
Gambia
45%
7Egypt,
Greece,
Israel,
Jordan,
Lebanon,
Syria,
Turkey
Cyprus
42%
1ComorosMadagascar
40%
10Antigua,
Barbados,
Dominica,
Grenada,
Guyana,
St Kitts,
Saint Lucia,
St Vincent,
Suriname,
Venezuela
Trinidad and Tobago
36%
9Antigua,
Barbados,
Dominica,
Dominican Republic,
Grenada,
Saint Lucia,
St Vincent,
Trinidad,
Venezuela
Saint Kitts and Nevis
36%
9Antigua,
Barbados,
Dominica,
Grenada,
Guyana,
St Kitts,
St Vincent,
Trinidad,
Venezuela
Saint Lucia
35%
211Tanzania,
Zambia
MozambiqueZimbabweMalawi
34%
10Antigua,
Dominica,
Grenada,
Guyana,
St Kitts,
Saint Lucia,
St Vincent,
Suriname,
Trinidad,
Venezuela
Barbados
34%
24Cameroon,
Gabon
Benin,
Nigeria,
Sao Tome,
Togo
Equatorial Guinea
34%
9Antigua,
Barbados,
Dominican Republic,
Grenada,
St Kitts,
Saint Lucia,
St Vincent,
Trinidad,
Venezuela
Dominica
34%
9Antigua,
Barbados,
Dominica,
Grenada,
Guyana,
St Kitts,
Saint Lucia,
Trinidad,
Venezuela
Saint Vincent and the
Grenadines
33%
10Antigua,
Barbados,
Dominica,
Guyana,
St Kitts,
Saint Lucia,
St Vincent,
Suriname,
Trinidad,
Venezuela
Grenada
33%
9Barbados,
Dominica,
Dominican Republic,
Grenada,
St Kitts,
Saint Lucia,
St Vincent,
Trinidad,
Venezuela
Antigua and Barbuda
33%
6Iraq,
Kuwait,
Oman,
Qatar,
Saudi Arabia,
UAE
Bahrain
32%
4Gambia,
Guinea-Bissau,
Mauritania,
Senegal
Cape Verde
30%
Philippines
30%
New Zealand
29%
7Benin,
Cameroon,
Equatorial Guinea,
Gabon,
Ghana,
Nigeria,
Togo
São Tomé and Príncipe
29%
2Indonesia,
Malaysia
Singapore
28%
1TongaFiji
17%
1MalaysiaBrunei
16%
2Fiji,
Samoa
Tonga
15%
2Marshall Islands,
Nauru
Kiribati
14%
Taiwan
13%
1TongaSamoa
12%
2Kiribati,
Marshall Islands
Nauru
11%
1MadagascarComoros
11%
1Sri LankaMaldives
10%
2Kiribati,
Nauru
Marshall Islands
8%
Seychelles
8%
Federated States of
Micronesia
8%
Tuvalu
7%
Palau
7%
Vanuatu
6%
Solomon Islands
6%
Mauritius
6%

Score Distribution

Percentile by Number Answered

Percent of People with Each Score

Your Score History

You have not taken this quiz